Las Monedas con cruz y con hacha de las Corbières occidentales / por Guy Rancoule y Jean Guilaine
Descripción Física:
p. 151-173 : il. ; 27 cm
Colección:
Monografías ; 33
Otros Autores:
Guilaine, Jean
MARC
| LEADER | 00000nam a2200000Ia 4500 | ||
|---|---|---|---|
| 001 | 7772 | ||
| 008 | 160829s1968 xx 000 0 cat d | ||
| 080 | |a FU-21-21 | ||
| 100 | |a Rancoule, Guy |9 32205 | ||
| 245 | |a Las Monedas con cruz y con hacha de las Corbières occidentales / por Guy Rancoule y Jean Guilaine | ||
| 260 | |a Barcelona : |b Diputación de Barcelona. Instituto de Prehistoria y Arqueología, |c 1968 | ||
| 300 | |a p. 151-173 : |b il. ; |c 27 cm | ||
| 490 | |a Monografías ; 33 | ||
| 590 | |a Separata d'Ampurias ; 30 | ||
| 650 | |a Monedes antigues |x Corbières (França) |9 32206 | ||
| 650 | |a Numismàtica antiga |x Corbières (França) |9 32207 | ||
| 700 | |a Guilaine, Jean |9 32870 | ||
| 710 | 2 | |a Instituto de Prehistoria y Arqueología (Barcelona, Catalunya) |9 54255 | |
| 901 | |a Arxiu | ||
| 942 | |n 1 |2 udc | ||
| 952 | |0 0 |1 0 |4 0 |6 FU2121 |7 1 |9 45905 |a Arxiu |b Arxiu |d 2016-12-01 |l 0 |o FU-21-21 |p 7772 |r 2016-12-01 00:00:00 |w 2016-12-01 |y ARXIU | ||
| 999 | |c 49406 |d 49406 | ||